Ochutnávky, regály, loterie... reklama, která nevadí?

Definícia pojmu sales promotion. Aktívna komunikácia medzi promotérom a zákazníkom. Tri metódy oslovenia: consumer promotion, trade promotion a sampling. Súťaže, lotérie a hry ako súčasť sales promotion.

Salvato in:
Dettagli Bibliografici
Autore principale: Cechl, Pavel
Natura: Capitolo di libro
Lingua:ceco
Soggetti:
Tags: Aggiungi Tag
Nessun Tag, puoi essere il primo ad aggiungerne!!

MARC

LEADER 00000naa$a2200000$$$4500
001 0026127
005 20231018124630.7
041 0 |a cze 
044 |a CZ 
245 1 0 |a Ochutnávky, regály, loterie... reklama, která nevadí?  |c Pavel Cechl 
520 |a Definícia pojmu sales promotion. Aktívna komunikácia medzi promotérom a zákazníkom. Tri metódy oslovenia: consumer promotion, trade promotion a sampling. Súťaže, lotérie a hry ako súčasť sales promotion. 
610 2 0 |a podpora predaja 
610 2 0 |a reklama 
610 2 0 |a marketing 
610 2 0 |a komunikácia 
610 2 0 |a produkty 
610 2 0 |a predaj 
610 2 0 |a spotrebitelia 
100 1 |a Cechl, Pavel